Statistics for Airport Codes Part 2

Click here to take the quiz!

General Stats

  • This quiz has been taken 691 times
  • The average score is 48 of 121

Answer Stats

HintAnswer% Correct
AmsterdamAMS
95%
AthensATH
92%
CairoCAI
87%
Los AngelesLAX
87%
BrusselsBRU
85%
Paris Charles De GaulleCDG
85%
JFK New YorkJFK
85%
BangkokBKK
84%
IstanbulIST
82%
LisbonLIS
81%
MadridMAD
81%
AucklandAKL
80%
AmmanAMM
80%
MiamiMIA
80%
DohaDOH
79%
Las VegasLAS
78%
SydneySYD
78%
BahrainBAH
77%
BarcelonaBCN
77%
MelbourneMEL
77%
AdelaideADL
76%
London HeathrowLHR
76%
DubaiDXB
74%
GuangzhouCAN
73%
New DelhiDEL
73%
PerthPER
73%
PraguePRG
73%
SingaporeSIN
72%
ViennaVIE
72%
Hong KongHKG
71%
Kuala LumparKUL
70%
CancunCUN
69%
Tokyo NaritaNRT
68%
WarsawWAW
68%
RomeFCO
66%
CebuCEB
63%
MunichMUC
62%
Tokyo InternationalHND
58%
GenevaGVA
57%
MilanMXP
54%
Abu DhabiAUH
52%
Bali DepensarDPS
52%
Orlando InternationalMCO
52%
BrisbaneBNE
49%
ColomboCMB
48%
DarwinDRW
47%
HyderabadHYD
46%
BerlinTXL
46%
VeniceVCE
45%
BelgradeBEG
44%
CanberraCBR
42%
ChristchurchCHC
42%
CairnsCNS
41%
PenangPEN
37%
PhuketHKT
36%
Kansai InternationalKIX
36%
MuscatMCT
36%
Metro ManilaMNL
36%
ShanghaiPVG
35%
WellingtonWLG
34%
KuwaitKWI
33%
MaldivesMLE
32%
JakartaCGK
30%
DavaoDVO
28%
HobartHBA
27%
RotoruaROT
27%
Gold CoastOOL
25%
DundeinDUD
24%
KuantanKUA
24%
ChennaiMAA
24%
GoaGOI
23%
IpohIPH
23%
MauritiusMRU
21%
ZamboangaZAM
21%
BeijingBJS
20%
QueenstownZQN
20%
LaoagLAO
19%
NelsonNSN
19%
Punta CanaPUJ
19%
New PlymouthNPL
18%
SeychellesSEZ
18%
TownsvilleTSV
18%
Kota KinabaluBKI
17%
LangkawiLGK
17%
MarrakechRAK
17%
InvercagillIVC
16%
Puerto PlataPOP
16%
TaurangaTRG
16%
BlenheimBHE
15%
KuchingKCH
15%
Sharm El SkeikhSSH
15%
Osaka InternationalITM
14%
Chiang MaiCNX
13%
Johor BahruJHB
13%
Koh SamuiUSM
12%
HamiltonHLZ
11%
KaliboKLO
11%
Nakhon Si ThammaratNST
11%
Puerto PrincesaPPS
11%
Chiang RaiCEI
10%
General SantosGES
10%
AngelesCRK
9%
Hat YaiHDY
9%
KrabiKBV
9%
Hawkes BayNPE
9%
Udon ThaniUTH
9%
Khon KaenKKC
8%
MiriMYY
8%
Palmerston NorthPMR
8%
TawauTWU
8%
SubangSZB
7%
Kuala TerengganuTGG
7%
Hua HinHHQ
6%
Surat ThaniURT
6%
Santa BarbaraILO
5%
MalaccaMKZ
4%
PattayaPYX
4%
MorongSFS
4%
Koh Chang/Koh KoodTDX
4%
TrangTST
4%
Ubon RatchathaniUBP
4%

Score Distribution

Percentile by Number Answered

Percent of People with Each Score

Your Score History

You have not taken this quiz